000 00700nam a2200241 i 4500
001 C2-0221514
003 PPAK
005 20180728151034.0
008 991102s1996 nyua|||| ||||| | eng d
020 _a0689319312
040 _aPPAK
_beng
_cPPAK
_erda
082 0 4 _a599.51
_223
090 0 0 _a599.51
_bMAT
_dK
100 1 _aMatero, Robert,
_eauthor
245 1 4 _aThe birth of a humpback whale
264 1 _aNew York :
_bAtheneum Books for Young Readers ,
_c1996
300 _a53 pages :
_bcolour illustrations ;
_c23 cm
336 _2rdacontent
_atext
337 _2rdamedia
_aunmediated
338 _2rdacarrier
_avolume
650 1 0 _aHumpback whale - Juvenile literature
942 _ddc
_cB
999 _c143112
_d143112